Countries ending in I - Statistics

General Stats
  • This quiz has been taken 238 times
    203 since last reset
  • The average score is 8 of 9
Answer Stats
Hint Answer % Correct
Oceania Fiji
94%
Oceania Kiribati
92%
North America Haiti
89%
Africa Mali
88%
Africa Malawi
87%
Africa Djibouti
86%
Africa Eswatini
84%
Africa Burundi
82%
Asia Brunei
81%
No matching quizzes found
Score Distribution
Percent of People with Each Score
Percentile by Number Answered
Your Score History
You have not taken this quiz since the last reset